| 000 | 00837nam a2200253Ia 4500 | ||
|---|---|---|---|
| 003 | OSt | ||
| 005 | 20220923211212.0 | ||
| 006 | a|||||r|||| 00| 0 | ||
| 007 | ta | ||
| 008 | Pun | ||
| 020 |
_a9788123770970 (hbk) _c115 |
||
| 024 | _a282,859 | ||
| 037 |
_b861, 12/08/2014, H.K. Prakashan _cTextual |
||
| 040 |
_aARTS _cARTS _bPun |
||
| 041 |
_2Pun _aPun |
||
| 082 | _aQ8441wK66, 153Q4 | ||
| 100 |
_aਧੀਰ, ਕੁਲਦੀਪ ਸਿੰਘ _9159542 |
||
| 245 | 0 | _aਵਡ ਜੋਧਾ ਗੁਰੂ ਹਰਿਗੋਬਿੰਦ | |
| 260 |
_aਦਿੱਲੀ _b ਨੈFਨਲ ਬੁੱਕ ਟਰਸਟ _c2014 |
||
| 300 |
_a133ਪੰ _ccm. |
||
| 650 |
_aਧਰਮ _9159543 |
||
| 942 |
_hQ8441wK66, 153Q4 _cTEXL _2CC |
||
| 999 |
_c296760 _d296760 |
||